000 02232nam0a2200433 4500
001 RU\NLR\bibl\850411
005 20250614151818.0
010 _a5-9293-0201-4
_9500
021 _aRU
_b2005-23682
_91202
035 _a(nilc)RSL-KNO-002597418
035 _a(NLR Aleph) 000839162
090 _a1409411
_c1409411
100 _a20050504d2004 |||y0rusy50 ca
101 0 _arus
102 _aRU
105 _ay |||||||||
106 _ar
200 1 _aКомплексное использование минерального сырья
_fЛ. Ф. Наркелюн
_gФедер. агентство по образованию, Гос. образоват. учреждение высш. проф. образования Чит. гос. ун-т
210 _aЧита
_cЧитГУ
_d2004
_gРИК ЧитГУ
215 _a182 с.
_d21
300 _aНа 4-й с. обл. авт.: Наркелюн Л.Ф. - д.г.-м.н., проф.
320 _aБиблиогр.: с. 177-180 (41 назв.)
606 1 _aРуды цветных металлов
_xИспользование комплексное
_91533753
_3RU\NLR\auth\66969437
606 1 _aМинеральное сырье
_xИспользование комплексное
_91669253
_3RU\NLR\auth\66740172
610 0 _aГорное дело -- Технико-экономические вопросы производства. Организация производственного процесса -- Пособие для специалистов
610 0 _aТехнология металлов -- Технико-экономические вопросы производства. Организация производственного процесса -- Пособие для специалистов
610 0 _aтехногенные отходы
_aгорная экология
686 _aИ-6,07
_2rubbk
686 _aК3-6,07
_2rubbk
686 _aК383
686 _aД450.8
700 1 _aНаркелюн
_bЛ. Ф.
_gЛеонид Францевич
_4070
801 0 _aRU
_bRuMoRKP
_c20050504
_grcr
801 1 _aRU
_bRuMoRGB
_c20050504
801 2 _aRU
_bNLR
_c20051008
_grcr
942 _cBOOK
980 _aNB
980 _aNBR